| 000 | 00867nam a2200277 a 4500 | ||
|---|---|---|---|
| 001 | vtls001193260 | ||
| 003 | NLI | ||
| 005 | 20210603151054.0 | ||
| 008 | 120328s1950 enka f001 0 eng d | ||
| 039 | 9 |
_y201203281647 _zVLOAD |
|
| 040 |
_a NLI _b eng _c Entertech IMP - 2012 _e AACR2 |
||
| 041 | 0 | _aeng | |
| 044 | _aenk | ||
| 084 | _a131.D.199 | ||
| 100 | 1 | _aSmith, S. Parker | |
| 245 | 1 | 0 |
_aElectrical engneering design mannual / _cS. Parker Smith and M. G. Say |
| 260 |
_aLondon: _bChapman and Hall , _c1950 |
||
| 300 |
_axiii, 259 p. : _bill. ; _c18 cm. |
||
| 700 | 1 |
_aSay, M. G., _4jt. aut _934797 |
|
| 887 | _a | ||
| 901 |
_a291347 : _b28.01.1952 |
||
| 902 | _a131.D.199 | ||
| 942 |
_2ddc _cBKS |
||
| 949 |
_AVIRTUAITEM _D10000 _X100 _6IMP000291347ENG |
||
| 999 |
_aVIRTUA _c463587 _d463587 |
||
| 999 | _aVTLSSORT0080*0400*0410*0440*0840*1000*2450*2600*3000*7000*9010*9020*9490*9991 | ||